Top 10 najbardziej afroamerykańskich stanów USA - Statystyki

Ogólne statystyki
  • Ten quiz został rozwiązany 25 razy
  • Średni wynik to 4 z 10
Statystyki odpowiedzi
% Stan % Poprawnych
17,8 Floryda
78%
27,3 Alabama
61%
33,2 Luizjana
57%
33,6 Georgia
52%
22,8 Karolina Północna
43%
26,9 Karolina Południowa
43%
21,3 Wirginia
35%
38,2 Missisipi
30%
32,6 Maryland
26%
25,3 Delaware
13%
Nie znaleziono quizów pasujących do podanych kryteriów
Rozkład punktacji
Procent ludzi z każdym wynikiem
Percentyl według liczby udzielonych odpowiedzi
Twoja historia wyników
Nie rozwiązałeś tego quizu